|
|
|
|
| LEADER |
01293nam a2200325 a 4500 |
| 001 |
28212 |
| 003 |
BD-DhAAL |
| 005 |
20250921153207.0 |
| 008 |
140821s2006 mdua b 001 0 eng |
| 010 |
|
|
|a 2005027399
|
| 020 |
|
|
|a 0801883598 (acidfree paper)
|
| 020 |
|
|
|a 0801883601 (pbk. : acidfree paper)
|
| 040 |
|
|
|a DLC
|c DLC
|d DLC
|d BD-DhAAL
|
| 041 |
|
|
|a eng
|
| 050 |
0 |
0 |
|a Q125
|b .M414 2006
|
| 082 |
0 |
0 |
|a 509
|2 22
|
| 100 |
1 |
|
|a McClellan, James E.
|q (James Edward),
|d 1946-
|9 5525
|
| 245 |
1 |
0 |
|a Science and technology in world history :
|b an introduction /
|c James E. McClellan III and Harold Dorn.
|
| 250 |
|
|
|a Second edition.
|
| 260 |
|
|
|a Baltimore :
|b Johns Hopkins University Press,
|c 2006.
|
| 300 |
|
|
|a ix, 478 pages :
|b illustrations ;
|c 24 cm.
|
| 504 |
|
|
|a Includes bibliographical references and index.
|
| 541 |
|
|
|e 28212
|
| 650 |
|
0 |
|a Science
|x History.
|9 7764
|
| 650 |
|
0 |
|a Technology
|x History.
|9 59
|
| 650 |
|
0 |
|a Tool and die makers
|x History.
|9 5526
|
| 700 |
1 |
|
|a Dorn, Harold,
|d 1928-
|9 5527
|
| 942 |
|
|
|2 ddc
|c BK
|
| 999 |
|
|
|c 32896
|d 32896
|
| 952 |
|
|
|0 0
|1 0
|2 ddc
|4 0
|6 509_000000000000000_MCC
|7 0
|9 43457
|a BRACUL
|b BRACUL
|c GEN
|d 2014-08-21
|e Karim International
|g 2980.00
|l 2
|o 509 MCC
|p 3010028212
|r 2017-05-28
|s 2017-05-22
|t 1
|w 2014-08-21
|y BK
|x Previously missing book recovered on 21 September 2025
|